000 02368cac a2200325 a 4500
003 CO-PeBPM
005 20260318182549.0
007 ta
008 260318s2012 ck |||| |||| 00| 0 spa d
020 _aISBN 13: 9788434404908
020 _aISBN 10: 8434404907
040 _aCO-PeBPM
_bspa
_cCO-PeBPM
_erda
041 _aspa
082 0 4 _a170 S266e
_222
100 1 _aSavater, Fernando
_eautor
245 1 0 _aÉtica de urgencia
_c/ Fernando Savater
250 _aSegunda edición
264 _aBogotá, Colombia
_b: Ariel
_b; Editorial Planeta Colombiana
_c, 2013
300 _a163 páginas
_c23 centimetros
336 _2rdacontent
_atexto
_btxt
337 _2rdamedia
_asin mediación
_bn
338 _2rdacarrier
_avolumen
_bnc
490 _aBiblioteca Fernando Savater
500 _aIncluye índice al final del texto
500 _aContiene datos biográficos del autor en la solapa del texto
520 _aLa política, el 15-M, las nuevas tecnologías, Internet y las descargas ilegales, los abusos de poder, las contradicciones del capitalismo, la fuerza y la debilidad de la democracia, pero también la belleza, la muerte, la solidaridad… ¿Cómo saber los que piensan los jóvenes? Preguntándoselo. Una respuesta aparentemente sencilla, que esconde una gran dificultad. Porque hay que saber preguntar, hay que saber ponerse en el lugar de los jóvenes, ganarse su confianza. Escuchar y a la vez aconsejar, opinar, posicionarse… Fernando Savater realizó una serie de encuentros con alumnos jóvenes y respondió a las inquietudes que le planteaban. De ahí, salió este libro, esta ética de urgencia, que nos avisa de las inquietudes de los que gobernarán el mundo del mañana. Una obra que representa el regreso de Fernando Savater al diálogo con los adolescentes sobre las cuestiones morales que más les preocupan el territorio donde cosechó su mayor éxito editorial: Ética para Amador. Un libro que recupera la confianza en el poder del diálogo para convencer y avanzar. Una travesía que guarda un asombroso parecido con las preocupaciones del resto de ciudadanos, pero expresadas con el entusiasmo, el empuje, la indignación y la urgencia de quienes en breve heredarán las responsabilidades del mundo.
650 1 7 _aÉtica
_2LEMB
942 _2ddc
_n0
_cBK
999 _c107238
_d107238